Избранные сочинения. Т.2: Кнуто-германская империя и социальная революция (Запись № 13478808)
[ простой вид ]
| 000 -МАРКЕР | |
|---|---|
| контрольное поле | 00925nam2a22002411 4500 |
| 001 - ИДЕНТИФИКАТОР ЗАПИСИ | |
| контрольное поле | RU\NLR\A1SV\23681 |
| 005 - ИДЕНТИФИКАТОР ВЕРСИИ | |
| контрольное поле | 20251203152403.2 |
| 035 ## - ДРУГИЕ СИСТЕМНЫЕ НОМЕРА | |
| Идентификатор записи | (NLR Aleph) 009708514 |
| 100 ## - ДАННЫЕ ОБЩЕЙ ОБРАБОТКИ | |
| Данные общей обработки | 20000619d1922 u y0rusy50 ca |
| 101 0# - ЯЗЫК РЕСУРСА | |
| Язык текста, звукозаписи и т.д. | русский |
| 200 1# - ЗАГЛАВИЕ И СВЕДЕНИЯ ОБ ОТВЕТСТВЕННОСТИ | |
| Основное заглавие | Кнуто-германская империя и социальная революция |
| Первые сведения об ответственности | С предисл. Дж. Гильома |
| Последующие сведения об ответственности | Пер. с фр. Вл. Забрежнева |
| 210 ## - ПУБЛИКАЦИЯ, РАСПРОСТРАНЕНИЕ И ДР. | |
| Дата издания, распространения и т.д. | 1922 |
| 215 ## - ФИЗИЧЕСКАЯ ХАРАКТЕРИСТИКА | |
| Специфическое обозначение материала и объем | 265 с. |
| 461 #1 - УРОВЕНЬ НАБОРА | |
| Встроенное поле | 001RU\NLR\A1SV\23679 |
| -- | 2000#$vТ.2 |
| Системный номер (АБИС) связанной записи | 9822123 |
| Автор | Бакунин, М.А. (1814-1876) |
| Место публикации | Пб. |
| Дата публикации | 1920-1922 |
| Издание | 2-е изд. |
| Первые сведения об ответственности | М.А.Бакунин |
| Имя издателя, распространителя и т.д. | Голос труда |
| Заглавие | Избранные сочинения |
| Номер тома | Т.2 |
| 702 #1 - ИМЯ ЛИЦА - ВТОРИЧНАЯ ОТВЕТСТВЕННОСТЬ | |
| Начальный элемент ввода | Гильом |
| Часть имени, кроме начального элемента ввода | Д. |
| Расширение инициалов личного имени | Дж. |
| 702 #1 - ИМЯ ЛИЦА - ВТОРИЧНАЯ ОТВЕТСТВЕННОСТЬ | |
| Начальный элемент ввода | Забрежнев |
| Часть имени, кроме начального элемента ввода | В. |
| Расширение инициалов личного имени | Вл. |
| 801 #0 - ИСТОЧНИК ЗАПИСИ | |
| Страна | Российская Федерация |
| Организация | NLR |
| Дата составления | 20000619 |
| 852 ## - МЕСТОНАХОЖДЕНИЕ И ШИФР ХРАНЕНИЯ | |
| Идентификатор организации | NLR |
| Шифр хранения (Call Number) | 78-5/2177-2 |
| 942 ## - ДОПОЛНИТЕЛЬНЫЕ ЭЛЕМЕНТЫ ЗАПИСИ (АБИС) | |
| Тип экземпляра АБИС | Книга |
| 980 ## - КОЛЛЕКЦИЯ | |
| Название коллекции | Международный сводный каталог русской книги (1918-1926) |
| 980 ## - КОЛЛЕКЦИЯ | |
| Название коллекции | Национальная библиография |
Нет доступных экземпляров.